Commercial Law Simplified

Detalles Bibliográficos
Autor principal: Njiriri, Juliana
Formato: eBook
Lenguaje:inglés
Publicado: Nairobi: Lambert Academic Publishing, 2019
Materias:
Acceso en línea:Acceso restringido

MARC

LEADER 00000nam a22000007a 4500
005 20190918131444.0
007 cr|||| ||||
008 190918s2019 ke |||||s|||| 00||0 eng d
020 |a 9786139951352 
035 |a 25767 
040 |a vLex 
090 |c 9556  |d 9556 
100 1 |a Njiriri, Juliana 
245 1 0 |a Commercial Law Simplified  |h [Recurso electrn̤ico] /  |c Juliana Njiriri 
256 |a Servicio en ln̕ea 
260 |a Nairobi:  |b Lambert Academic Publishing,  |c 2019 
300 |a 1 recurso electrn̤ico 
500 |a An in-depth understanding of commercial law is key for equipping the modern student of not only law, but also business, with the much needed skills to keep up with a largely commercial world. This book is crafted to enable not just students but any other individuals interested in the legal aspects that go into various commercial activities and transactions. Its simplified language makes it easy for just about anyone to read, understand and gain a wealth of knowledge on commercial law. Although specific to the Kenyan legal system, it offers a global outlook with relevant information for anyone anywhere in the world. In this Book, I have endeavored to provide a legal perception on a wide range of topics, all related to commercial law. Further, I have looked at new developments in legislation in Kenya in as far as commercial law is concerned, giving the reader an up-to-date understanding of commercial law in Kenya. With a variety of case law both from Kenya and elsewhere, the Book is tailored to ensure that the reader is furnished with more than adequate knowledge on the overall topic. 
506 1 |a Disponible solo en los productos indicados  |d vLex Global  |d vLex Global (Academic Edition, excluding Law Schools)  |d vLex Global (U.S. Academic Edition, Law Schools)  |d vLex Global (U.S. Academic Edition, excluding Law Schools)  |d vLex Global (Academic Edition, Law Schools) 
650 0 4 |a Derecho Pb︢lico y Administrativo  |z Kenia 
740 0 |a vLex Libros (Servicio en ln̕ea) 
856 4 0 |u http://vlex.com/source/25767  |z Acceso restringido 
942 |c BOOK 
999 0 |a Public and Administrative Law